[Event "Oberliga Ost-A 1819"]
[Site "Germany"]
[Date "2019.04.06"]
[Round "10.2"]
[White "Siedentopf, Daniel"]
[Black "Reizniece Ozola, Dana"]
[Result "1/2-1/2"]
[WhiteElo "2283"]
[BlackElo "2312"]
[PlyCount "119"]
[EventDate "2018.10.21"]
[EventType "team-tourn"]
[EventRounds "11"]
[EventCountry "GER"]
[SourceTitle "EXT 2020"]
[Source "ChessBase"]
[SourceDate "2019.10.17"]
[SourceVersion "1"]
[SourceVersionDate "2019.10.17"]
[SourceQuality "1"]
[WhiteTeam "Dresden Gruen Weiss"]
[BlackTeam "Loeberitz"]
[WhiteTeamCountry "GER"]
[BlackTeamCountry "GER"]

1. d4 Nf6 2. c4 g6 3. Nc3 Bg7 4. e4 d6 5. Nf3 0-0 6. h3 e5 7. d5 a5 8. Bg5 Na6 9. Be2 Nc5 10. Nd2 c6 11. Nb3 Nxb3 12. Qxb3 h6 13. Be3 a4 14. Qc2 cxd5 15. cxd5 Bd7 16. Qd2 Qa5 17. a3 Rfc8 18. g4 b5 19. f3 b4 20. Na2 bxa3 21. bxa3 Qd8 22. h4 h5 23. g5 Ne8 24. Kf2 Rab8 25. Ba6 Rc7 26. Nb4 f6 27. Rac1 fxg5 28. hxg5 Rxc1 29. Rxc1 Nc7 30. Be2 Bf8 31. Nc6 Bxc6 32. dxc6 Be7 33. f4 Qf8 34. Bc4+ Kh7 35. Kg2 exf4 36. Bxf4 Qc8 37. Qe2 Ne6 38. Bxe6 Qxe6 39. c7 Rc8 40. Qf3 Kg8 41. Kh2 Qd7 42. Qh3 Rxc7 43. Rxc7 Qxc7 44. Qe6+ Kg7 45. e5 Qc2+ 46. Kg1 Qc5+ 47. Kg2 d5 48. Qd7 Qc2+ 49. Kg3 Qd3+ 50. Kh4 Qxa3 51. e6 Qb4 52. Kg3 Qe1+ 53. Kg2 Qe2+ 54. Kg1 Qg4+ 55. Kh1 Qd1+ 56. Kg2 Qc2+ 57. Kh1 Qd1+ 58. Kg2 Qe2+ 59. Kg1 Qd1+ 60. Kg2 1/2-1/2

[Event "Karlsruhe Grenke op"]
[Site "Karlsruhe"]
[Date "2017.04.14"]
[Round "2"]
[White "Svane, Rasmus"]
[Black "Siedentopf, Daniel"]
[Result "1-0"]
[WhiteElo "2573"]
[BlackElo "2281"]
[PlyCount "42"]
[EventDate "2017.04.13"]
[EventType "swiss"]
[EventRounds "9"]
[EventCountry "GER"]
[SourceTitle "CBM 177 Extra"]
[Source "ChessBase"]
[SourceDate "2017.04.27"]
[SourceVersion "1"]
[SourceVersionDate "2017.04.27"]
[SourceQuality "1"]

1. d4 f5 2. c4 Nf6 3. Nc3 d6 4. Bg5 Nbd7 5. Qc2 g6 6. h4 h6 7. Bd2 e5 8. e3 Bg7 9. h5 Nxh5 10. g4 Nhf6 11. gxf5 exd4 12. exd4 g5 13. 0-0-0 0-0 14. Nge2 c6 15. Ng3 a6 16. Bg2 Re8 17. Bf3 Re7 18. Rde1 Nf8 19. d5 c5 20. Nce4 Nxe4 21. Bxe4 Nh7 1-0

[Event "Oberliga Ost-A 1617"]
[Site "Germany"]
[Date "2016.10.16"]
[Round "1.2"]
[White "Pietsch, Michael"]
[Black "Siedentopf, Daniel"]
[Result "1/2-1/2"]
[WhiteElo "2146"]
[BlackElo "2292"]
[PlyCount "141"]
[EventDate "2016.10.16"]
[EventType "team-tourn"]
[EventRounds "11"]
[EventCountry "GER"]
[SourceTitle "EXT 2018"]
[Source "ChessBase"]
[SourceDate "2017.10.13"]
[SourceVersion "1"]
[SourceVersionDate "2017.10.13"]
[SourceQuality "1"]
[WhiteTeam "Coswig TuS"]
[BlackTeam "Dresden Gruen Weiss"]
[WhiteTeamCountry "GER"]
[BlackTeamCountry "GER"]

1. d4 f5 2. g3 Nf6 3. Bg2 g6 4. Nf3 Bg7 5. 0-0 0-0 6. b3 d6 7. Bb2 Qe8 8. c4 Ne4 9. Nbd2 Nxd2 10. Qxd2 Nc6 11. d5 Bxb2 12. Qxb2 Nd8 13. e4 e5 14. dxe6 fxe4 15. Ng5 Nxe6 16. Nxe4 Qf7 17. Rae1 Qg7 18. Qxg7+ Kxg7 19. Nc3 a6 20. Bxb7 Bxb7 21. Rxe6 Rfe8 22. Rfe1 Rxe6 23. Rxe6 Kf7 24. Re3 Rb8 25. f4 Kf6 26. Kf2 Bc6 27. Rd3 a5 28. Nd5+ Bxd5 29. Rxd5 a4 30. Rd3 axb3 31. axb3 Ra8 32. g4 Ra2+ 33. Kg3 Rb2 34. h3 Rb1 35. Rf3 Ke6 36. Re3+ Kf6 37. Kf3 c6 38. Ke4 Ke6 39. f5+ gxf5+ 40. Kf4+ Kf6 41. g5+ Kf7 42. Kxf5 Rf1+ 43. Kg4 Rd1 44. Kh5 d5 45. cxd5 cxd5 46. Rc3 d4 47. Rc7+ Kg8 48. h4 d3 49. Rd7 d2 50. Rd3 Rb1 51. Rxd2 Rxb3 52. Rd8+ Kg7 53. Rd7+ Kg8 54. Rd4 Kg7 55. Kg4 Rb1 56. h5 Rg1+ 57. Kf5 Rf1+ 58. Rf4 Rxf4+ 59. Kxf4 Kf8 60. Ke5 Kf7 61. Kd6 Kf8 62. Ke6 Kg7 63. Ke7 Kg8 64. Kf6 Kf8 65. g6 Kg8 66. Kg5 hxg6 67. hxg6 Kg7 68. Kf5 Kg8 69. Kf6 Kf8 70. g7+ Kg8 71. Kg6 1/2-1/2

[Event "Oberliga Ost-A 1516"]
[Site "Germany"]
[Date "2016.01.17"]
[Round "7.2"]
[White "Siedentopf, Daniel"]
[Black "Neef, Maximilian"]
[Result "0-1"]
[WhiteElo "2283"]
[BlackElo "2395"]
[PlyCount "116"]
[EventDate "2015.09.20"]
[EventType "team-tourn"]
[EventRounds "11"]
[EventCountry "GER"]
[SourceTitle "EXT 2017"]
[Source "ChessBase"]
[SourceDate "2016.10.25"]
[SourceVersion "1"]
[SourceVersionDate "2016.10.25"]
[SourceQuality "1"]
[WhiteTeam "Dresden Gruen Weiss"]
[BlackTeam "Dresden TU II"]
[WhiteTeamCountry "GER"]
[BlackTeamCountry "GER"]

1. d4 Nf6 2. c4 g6 3. Nc3 Bg7 4. e4 d6 5. Nf3 0-0 6. h3 e5 7. d5 a5 8. Bg5 Na6 9. Be2 Nc5 10. Nd2 Bd7 11. 0-0 h6 12. Be3 Nh7 13. Nb3 b6 14. Qd2 h5 15. Nxc5 bxc5 16. Nb5 Bf6 17. Kh2 Bxb5 18. cxb5 Bg5 19. Rac1 Bxe3 20. Qxe3 Qg5 21. Qxg5 Nxg5 22. Rc4 Nh7 23. Ra4 Nf6 24. f3 Nd7 25. h4 f5 26. exf5 Nb6 27. Ra3 Rxf5 28. Bd3 Rf6 29. Rc3 Kg7 30. Be4 a4 31. Rg1 Kf7 32. g4 Rh8 33. Kh3 hxg4+ 34. Rxg4 Nd7 35. Rc4 Nb6 36. Rc2 Rh6 37. b3 axb3 38. axb3 Rh8 39. Rcg2 Rh6 40. Ra2 Ke7 41. Rag2 Kf7 42. Rg1 Kg7 43. Ra1 Rf7 44. Ra7 Kf6 45. Rb7 Rg7 46. Kg2 Rh8 47. Kg3 Rh5 48. Rb8 Rh6 49. Re8 Re7 50. Rg8 Rg7 51. Re8 Re7 52. Rd8 Rd7 53. Rb8 Rg7 54. f4 exf4+ 55. Rxf4+ Ke5 56. Re8+ Kd4 57. Bg2+ Kc3 58. Kg4 Rxh4+ 0-1